000 00873nam a2200253 a 4500
005 20160429141831.0
008 951010s1995 caua 001 0 eng
020 _a1562763105
040 _aDLC
_cDLC
_dCO-BoIAVH
041 0 _aeng
044 _ack
082 0 0 _a005.758
_bS16g
100 1 _aSalemi, Joe.
_eautor
245 1 0 _aGuide to client/server databases /
_cJoe Salemi.
250 _aSegunda edición
260 _aEmeryville, Calif. :
_bZiff-Davis Press,
_cc1995.
300 _axviii, 312 p.áginas:
_bilustraciones ;
_c24 x 19 centímetros
500 _aIncluye índice.
650 1 4 _aProcesamiento de datos
_xProcesamiennto distribuido.
650 2 4 _aBase de datos
_xadministración
650 2 4 _aCliente/servidor computación
700 1 _aSalemi, Joe.
_tPC magazine guide to client/server databases.
942 _2ddc
_cLIBRO
999 _c2624
_d2624